From honey to ashes = De la miel a las cenizas /
Gardado en:
| Autor Principal: | |
|---|---|
| Formato: | Desconocido |
| Idioma: | English |
| Publicado: |
New York :
Harper Torchbooks,
1966.
|
| Materias: | |
| Etiquetas: |
Engadir etiqueta
Sen Etiquetas, Sexa o primeiro en etiquetar este rexistro!
|
MARC
| LEADER | 000000000a22000000004500 | ||
|---|---|---|---|
| 001 | 011850 | ||
| 020 | |a 061318159 | ||
| 041 | 0 | |a eng | |
| 082 | 0 | 4 | |a 291.13 |b L664f |
| 100 | 1 | |a Lévi-Strauss, Claude, |d 1908- | |
| 245 | 1 | 0 | |a From honey to ashes = |b De la miel a las cenizas / |c Claude Lévi-Strauss. |
| 246 | 3 | 1 | |a De la miel a las cenizas |
| 260 | 1 | |a New York : |b Harper Torchbooks, |c 1966. | |
| 300 | |a 512 páginas | ||
| 500 | |a Material disponibel en BCMA | ||
| 650 | 4 | |a MITOLOGIA | |
| 650 | 4 | |a INDIOS NORTEAMERICANOS | |
| 650 | 4 | |a LEYENDAS | |
| 650 | 4 | |a FOLKLORE | |
| 500 | |a Colección George Yúdice | ||
| 999 | |c 17877 |d 17877 | ||
| 942 | |c BK |h 291.13 L664f |2 z | ||
